Städte in der Pokémon Hoenn-Region auf einer Karte - Statistiken

Allgemein
  • Dieses Quiz wurde 612 mal gespielt
    599 seit der letzten Aktualisierung
  • Das Durchschnittsergebnis liegt bei 12 aus 16
Antworten auf der Karte
Die Antworten werden auf der Karte rot bzw. grün angezeigt, abhängig davon wie oft sie richtig erraten wurden.
 
Antwortstatistiken
Antwort % Korrekt
Wurzelheim
86%
Baumhausen City
84%
Bad Lavastadt
83%
Xeneroville
83%
Floßbrunn
82%
Faustauhaven
81%
Malvenfroh City
78%
Prachtopolis City
78%
Graphitport City
76%
Metarost City
74%
Blütenburg City
73%
Rosalstadt
72%
Moosbach City
70%
Laubwechselfeld
67%
Wiesenflur
67%
Seegrasulb
58%
Keine übereinstimmenden Quizze gefunden
Verteilung der Resultate
Anzahl Personen mit jedem Resultat
Perzentil nach korrekt beantworteten Fragen
Ihre Resultats-Entwicklung
Sie haben dieses Quiz seit der letzten Aktualisierung nicht gespielt